000
00270nam a22001217a 4500
041
_a
ENG
100
_a
Kadrekar.S
245
_a
Desh-Videshatil Bramanticha
260
_a
Ratnagiri
_b
Kadrekar
_c
2017
300
_a
114
650
_a
Marhati (33)
856
_u
Marhati (33)
999
_c
2991
_d
2991